Modern Family Characters - Statistics

General Stats
  • This quiz has been taken 58 times
  • The average score is 25 of 35
Answer Stats
Hint Answer % Correct
His wife Gloria
100%
The main Pritchett family patriarch Jay
100%
Her son Manny
100%
Their second daughter Alex
98%
His husband Cameron
98%
Jay's daughter Claire
98%
Their first daughter Haley
98%
Their son Joe
98%
Their son Luke
98%
Jay's first son Mitchell
98%
Her husband Phil
98%
Their daughter Lily
96%
Jay's ex-wife DeDe
92%
Gloria's ex-husband Javier
86%
Haley's husband Dylan
84%
Mitch and Cam's wedding planner friend Pepper
84%
Cam's sister Pam
82%
Joe's manny who dates Haley Andy
78%
Phil's dad Frank
78%
Mitch and Cam's party-girl friend Sal
73%
Phil's real estate arch nemesis Gil Thorpe
67%
Jay's best friend Shorty
65%
Their other wedding planner friend who marries the previous answer Ronaldo
63%
Their daughter Poppy
61%
Gloria's sister Sonia
59%
Their son Rexford
57%
Their son George
55%
Alex's fireman ex Bill
51%
Her son Cal
51%
Haley's weatherman ex Rainer Shine
47%
Alex's astrophysics professor who dates Haley Arvin
43%
Jay and Claire's assistant Margaret
41%
Her son Sammy
24%
Their son Lionel
14%
His new fiance Trish
14%
No matching quizzes found
Score Distribution
Percent of People with Each Score
Percentile by Number Answered
Your Score History
You have not taken this quiz